000 00588nam a2200193 4500
010 _aA-351297
035 _aA-351297
037 _bCen Lib / Ret
040 _aDPL
_bEn
082 _a398.21
_bKAN
100 _aKang, Kanwarjit Singh
245 _a151 folk tales of India /
_cby Kanwarjit Singh Kang
260 _aDelhi
_bAjanta Publications, India : Ajanta Books Internationa
_c1988
270 _aAjanta Publications, India
_bDelhi
300 _a280p ;
_c27cm(Hb)
650 _aTales -- India.
650 _aFolklore -- India.
942 _2ddc
_cEN
_h398.21
_mKAN
999 _c137118
_d137118